[Event "61st World Juniors 2024"]
[Site "Gandhinagar IND"]
[Date "2024.06.11"]
[Round "9.52"]
[White "Boricha Yohan"]
[Black "Jval Saurin Patel"]
[Result "0-1"]
[WhiteElo "1811"]
[BlackElo "2085"]
[WhiteFideId "46672923"]
[BlackFideId "25968343"]
[EventDate "2024.06.02"]

1. e4 e6 2. d4 d5 3. Nd2 Nf6 4. e5 Nfd7 5. c3 c5 6. f4 Nc6 7. Ndf3 Qb6 8. a3 a5
9. b3 Be7 10. h4 h6 11. h5 f6 12. Bd3 O-O 13. Bc2 Qc7 14. Ne2 b5 15. g4 Ba6 16.
Qd3 f5 17. gxf5 exf5 18. Ng3 b4 19. c4 dxc4 20. bxc4 b3 21. Nxf5 bxc2 22. Nxh6+
Kh8 23. Rg1 Nxd4 24. Nxd4 Nxe5 25. fxe5 Qxe5+ 26. Qe3 Bh4+ 27. Kd2 Qxe3+ 28.
Kxe3 Bf2+ 29. Kd3 Bxd4 0-1

[Event "61st World Juniors 2024"]
[Site "Gandhinagar IND"]
[Date "2024.06.11"]
[Round "9.53"]
[White "Sharon, Rafael"]
[Black "Mankga, Thabang"]
[Result "1-0"]
[WhiteElo "2015"]
[BlackElo "1817"]
[WhiteFideId "74601580"]
[BlackFideId "14334798"]
[EventDate "2024.06.02"]

1. e4 c5 2. Nf3 e6 3. d4 cxd4 4. Nxd4 Nc6 5. Nc3 Qc7 6. Ndb5 Qb8 7. g3 a6 8. Nd4
Nf6 9. Bg2 Be7 10. O-O O-O 11. Nce2 Qc7 12. c4 d6 13. b3 Rd8 14. Nc3 Bd7 15. a4
Qb6 16. Be3 Qc7 17. h3 Rac8 18. g4 Nxd4 19. Bxd4 Bc6 20. a5 Rf8 21. Qe2 e5 22.
Be3 h6 23. Qd3 g5 24. Ne2 Bd7 25. Bf3 Kg7 26. Kg2 Rh8 27. Rh1 Rcg8 28. Ng3 Kf8
29. Be2 Qc8 30. f3 Ne8 31. Qd2 Ng7 32. Rhd1 f6 33. c5 h5 34. cxd6 Bd8 35. Rac1
Qb8 36. Bc4 hxg4 37. hxg4 Ne6 38. Bxe6 Bxe6 39. d7 Kf7 40. Rc8 Qxc8 41. dxc8=Q
Bxc8 42. Qd5+ Kg6 43. Rc1 Be7 44. Nf5 Ba3 45. Rc7 Bxf5 46. Qf7+ Kh6 47. Qh5# 1-0

[Event "61st World Juniors 2024"]
[Site "Gandhinagar IND"]
[Date "2024.06.11"]
[Round "9.54"]
[White "Vihaan Karthikeya N"]
[Black "Piyush, Kumar"]
[Result "1-0"]
[WhiteElo "1936"]
[BlackElo "1795"]
[WhiteFideId "25950673"]
[BlackFideId "25674927"]
[EventDate "2024.06.02"]

1. d4 d5 2. c4 c6 3. Nc3 Nf6 4. Nf3 e6 5. e3 Nbd7 6. Qc2 Bd6 7. Bd3 O-O 8. O-O
dxc4 9. Bxc4 b5 10. Bd3 Bb7 11. Rd1 b4 12. Na4 c5 13. dxc5 Rc8 14. Qe2 Nxc5 15.
Nxc5 Rxc5 16. e4 Nxe4 17. Bxe4 Bxe4 18. Qxe4 Bxh2+ 19. Kxh2 Qxd1 20. Qd4 Qxd4
21. Nxd4 e5 22. Nf3 f6 23. Be3 Rc7 24. b3 Rd8 25. Nd2 h5 26. Nc4 Rd5 27. Re1 h4
28. Bc1 e4 29. Re2 a5 30. Bf4 Rc6 31. Ne3 Rb5 32. Nc4 g5 33. Be3 Kh7 34. Rd2 f5
35. Rd7+ Kg6 36. Bd4 1-0

[Event "61st World Juniors 2024"]
[Site "Gandhinagar IND"]
[Date "2024.06.11"]
[Round "9.55"]
[White "Eugen Mehul Shah"]
[Black "Makwana, Devam"]
[Result "0-1"]
[WhiteElo "1744"]
[BlackElo "1820"]
[WhiteFideId "33444552"]
[BlackFideId "25632566"]
[EventDate "2024.06.02"]

1. d4 d5 2. c4 e6 3. Nf3 Nf6 4. g3 Bb4+ 5. Bd2 Be7 6. Bg2 O-O 7. O-O c6 8. Qc2
b6 9. Rd1 Nbd7 10. b3 Bb7 11. Nc3 Rc8 12. Ne5 Nxe5 13. dxe5 Nd7 14. f4 f6 15.
exf6 Nxf6 16. Bf3 Bc5+ 17. Kg2 Qe7 18. e4 dxc4 19. e5 Nd5 20. bxc4 Nxc3 21. Qxc3
Ba6 22. Qb3 g5 23. fxg5 Bd4 24. Bc3 Rxf3 25. Kxf3 Qf7+ 26. Ke4 Qf5+ 27. Kxd4
Qf2+ 28. Kd3 Rd8+ 29. Bd4 Rxd4+ 30. Kc3 Rxc4+ 31. Qxc4 Bxc4 32. Kxc4 Qxh2 33.
Re1 Qxg3 34. Rad1 Qa3 35. Rd2 a6 36. Ree2 c5 37. Rb2 b5+ 38. Rxb5 axb5+ 39. Kxb5 0-1

[Event "61st World Juniors 2024"]
[Site "Gandhinagar IND"]
[Date "2024.06.11"]
[Round "9.56"]
[White "Insara, S D Nadev"]
[Black "Alhejab, Meshal"]
[Result "1-0"]
[WhiteElo "1874"]
[BlackElo "1837"]
[WhiteFideId "29932050"]
[BlackFideId "10302603"]
[EventDate "2024.06.02"]

1. c4 e5 2. Nc3 Nf6 3. Nf3 Nc6 4. e3 Bb4 5. Qc2 O-O 6. Nd5 a5 7. a3 Bc5 8. b3 d6
9. Bb2 Re8 10. Be2 Ba7 11. Ng5 g6 12. h4 Nxd5 13. cxd5 Ne7 14. h5 Nxd5 15. hxg6
hxg6 16. Nxf7 Qf6 17. Nh6+ Kg7 18. Bf3 c6 19. O-O-O Be6 20. d4 exd4 21. Rxd4 Rh8
22. Rxd5 cxd5 23. Bxf6+ Kf8 24. Qb2 d4 25. exd4 Rc8+ 26. Kd2 d5 27. g4 1-0

[Event "61st World Juniors 2024"]
[Site "Gandhinagar IND"]
[Date "2024.06.11"]
[Round "9.57"]
[White "Katta, Sriansh"]
[Black "BRUGETTE, Romain"]
[Result "1-0"]
[WhiteElo "1753"]
[BlackElo "1655"]
[WhiteFideId "30981034"]
[BlackFideId "9700676"]
[EventDate "2024.06.02"]

1. e4 c6 2. d4 d5 3. Nc3 dxe4 4. Nxe4 Bf5 5. Ng3 Bg6 6. h4 h6 7. N1e2 Nf6 8. Nf4
Bh7 9. Bc4 e6 10. O-O Bg8 11. Re1 Be7 12. c3 Nbd7 13. Qe2 Nf8 14. a4 Bh7 15. b3
Nd5 16. Nxd5 cxd5 17. Bb5+ Nd7 18. Nh5 O-O 19. Qg4 Bg6 20. Bxd7 Qxd7 21. Nxg7
Kh7 22. Nh5 Bxh5 23. Qxh5 1-0

[Event "61st World Juniors 2024"]
[Site "Gandhinagar IND"]
[Date "2024.06.11"]
[Round "9.58"]
[White "Bedi, Vaibhav"]
[Black "De Maupeou D'ableiges, Alexandre"]
[Result "0-1"]
[WhiteElo "1706"]
[BlackElo "1831"]
[WhiteFideId "7501900"]
[BlackFideId "4313585"]
[EventDate "2024.06.02"]

1. e4 c5 2. Nf3 Nc6 3. c3 e6 4. d4 d5 5. e5 Qb6 6. Bd3 Bd7 7. Qb3 Qxb3 8. axb3
cxd4 9. cxd4 Nb4 10. Ke2 a6 11. Nc3 Nxd3 12. Kxd3 Ne7 13. Be3 Nc6 14. Ke2 Be7
15. Na4 O-O 16. Nb6 Rad8 17. Nxd7 Rxd7 18. h4 f6 19. h5 fxe5 20. dxe5 d4 21.
Rad1 Rfd8 22. Bg5 Bxg5 23. Nxg5 Nxe5 24. Nxe6 Re8 25. Nc5 Rc7 26. Na4 b5 27.
Rhe1 Nd7+ 28. Kd3 Rxe1 29. Rxe1 bxa4 30. bxa4 Nc5+ 31. Kxd4 Nxa4 32. Ra1 Nc5 33.
Kd5 Kf7 34. Rc1 Ne6 35. Rxc7+ Nxc7+ 36. Kc6 Ne6 37. g3 Kf6 38. Kd5 Ke7 39. Kc6
Ng5 40. f4 Ne4 41. h6 gxh6 42. g4 Nf6 43. Kb6 Nxg4 44. Kxa6 h5 0-1

[Event "61st World Juniors 2024"]
[Site "Gandhinagar IND"]
[Date "2024.06.12"]
[Round "10.1"]
[White "Makarian, Rudik"]
[Black "Gharibyan, Mamikon"]
[Result "0-1"]
[WhiteTitle "IM"]
[BlackTitle "GM"]
[WhiteElo "2524"]
[BlackElo "2492"]
[WhiteFideId "44105681"]
[BlackFideId "13308300"]
[EventDate "2024.06.02"]

1. d4 Nf6 2. c4 e6 3. g3 d5 4. Nf3 Bb4+ 5. Bd2 a5 6. Bg2 O-O 7. a3 Be7 8. Qc2
Nbd7 9. Bf4 c6 10. Nbd2 Nh5 11. h4 h6 12. e3 b6 13. cxd5 Nxf4 14. exf4 cxd5 15.
O-O Bb7 16. Rfc1 a4 17. Bf1 Ra5 18. Qc7 Ba8 19. Ne5 Nxe5 20. fxe5 b5 21. Nf3 b4
22. axb4 Bxb4 23. Qc2 Qd7 24. Bd3 Bb7 25. Qc7 Qxc7 26. Rxc7 Rb8 27. h5 Ba6 28.
Bxa6 Rxa6 29. g4 Kf8 30. Rac1 Raa8 31. Kg2 Ba5 32. R7c2 Ke7 33. Ng1 Rb4 34. Ne2
Rab8 35. Ra1 Bb6 36. Ra3 Rb7 37. Rd3 Rc7 38. Rxc7+ Bxc7 39. Rd2 Ba5 40. Rc2 Kd7
41. Kf3 Rb3+ 42. Kg2 Bb6 43. f4 Rd3 44. f5 Bxd4 45. Nxd4 Rxd4 46. Kf3 Re4 47. f6
Rxe5 48. fxg7 Rg5 49. Rc5 Rxg7 50. Ra5 Kd6 51. Kf4 Rg8 52. Rxa4 Ke7 53. b4 Kf6
54. b5 Rb8 55. Rb4 e5+ 56. Kg3 Rb6 57. Rb1 Kg7 58. Kf3 f6 59. Rc1 Rxb5 60. Rc7+
Kg8 61. Rc8+ Kf7 62. Rc7+ Ke6 63. Rc6+ Ke7 64. Rc7+ Kd6 65. Rh7 Rb3+ 66. Kg2 e4
67. Rxh6 Ke5 68. Rh8 Kf4 69. Rg8 Rb2+ 70. Kh3 e3 71. h6 e2 72. Re8 Rb3+ 73. Kg2
Re3 74. Rxe3 Kxe3 75. h7 e1=Q 76. h8=Q Qf2+ 77. Kh1 Qf3+ 78. Kg1 Qxg4+ 79. Kh2
Kf3 0-1

[Event "61st World Juniors 2024"]
[Site "Gandhinagar IND"]
[Date "2024.06.12"]
[Round "10.2"]
[White "Quizon, Daniel"]
[Black "Nogerbek, Kazybek"]
[Result "1/2-1/2"]
[WhiteTitle "IM"]
[BlackTitle "IM"]
[WhiteElo "2448"]
[BlackElo "2502"]
[WhiteFideId "5217911"]
[BlackFideId "13710427"]
[EventDate "2024.06.02"]

1. e4 c5 2. Nf3 Nc6 3. d4 cxd4 4. Nxd4 g6 5. c4 Nf6 6. Nc3 Nxd4 7. Qxd4 d6 8.
Be3 Bg7 9. f3 O-O 10. Qd2 Be6 11. Rc1 Qa5 12. Be2 Rfc8 13. b3 Nd7 14. O-O a6 15.
Rfd1 b5 16. Nd5 Qxd2 17. Rxd2 Bxd5 18. Rxd5 b4 19. f4 Nf6 20. Rd4 e5 21. fxe5
dxe5 22. Rdd1 Bf8 23. Bf3 h5 24. c5 Rc6 25. Rc4 Rac8 26. Rxb4 Bxc5 27. Bxc5 Rxc5
28. Rb6 R8c6 29. Rd6 Rc1+ 30. Kf2 R1c2+ 31. Ke1 Rc1+ 32. Kf2 R1c2+ 33. Ke1 Rc1+ 1/2-1/2

[Event "61st World Juniors 2024"]
[Site "Gandhinagar IND"]
[Date "2024.06.12"]
[Round "10.3"]
[White "Cardoso Cardoso, Jose Gabriel"]
[Black "Ohanyan, Emin"]
[Result "0-1"]
[WhiteTitle "GM"]
[BlackTitle "GM"]
[WhiteElo "2497"]
[BlackElo "2501"]
[WhiteFideId "4430492"]
[BlackFideId "13312022"]
[EventDate "2024.06.02"]

1. e4 e5 2. Nf3 Nc6 3. Bb5 a6 4. Ba4 Nf6 5. O-O Bc5 6. c3 b5 7. Bb3 d6 8. a4 Bg4
9. h3 Bxf3 10. Qxf3 Na5 11. Bc2 b4 12. d3 Rb8 13. Nd2 O-O 14. Qe2 Ba7 15. Re1
Nd7 16. Nf3 Qc8 17. d4 bxc3 18. bxc3 Nb3 19. Bxb3 Rxb3 20. Qc4 Qb7 21. Ba3 Re8
22. Nd2 Rb6 23. Qd3 a5 24. Rab1 Qa6 25. Qxa6 Rxa6 26. Rb7 Rc8 27. Nc4 exd4 28.
cxd4 Bxd4 29. Nxd6 cxd6 30. Rxd7 h6 31. Bxd6 Rc4 32. Bg3 Rxa4 33. Rd1 Bc3 34.
R1d3 Rc4 35. Bd6 a4 36. Ba3 Rb6 37. Ra7 Rb3 38. Rd8+ Kh7 39. Bd6 Rd4 40. g4 Rd1+
41. Kg2 Bf6 42. Rdd7 Rbd3 43. e5 Bxe5 44. Bxe5 Rxd7 45. Rxa4 R1d5 46. Bg3 h5 47.
Ra6 Rd4 48. Kf3 Rd3+ 49. Kg2 R7d4 50. g5 h4 51. Be5 Re4 52. Ba1 Rd2 53. Kf3 Re1
54. Ra4 Kg6 55. Bd4 Rh1 56. Kg2 Rdd1 57. f4 Rhe1 58. Kf3 Kh5 59. g6 f6 60. Bf2
Rd3+ 61. Kg2 Rd2 62. f5 Ree2 63. Rf4 Kg5 64. Rf3 Rxf2+ 65. Rxf2 Rxf2+ 66. Kxf2
Kxf5 67. Kf3 0-1

[Event "61st World Juniors 2024"]
[Site "Gandhinagar IND"]
[Date "2024.06.12"]
[Round "10.4"]
[White "Grebnev, Aleksey"]
[Black "Budisavljevic, Luka"]
[Result "0-1"]
[WhiteTitle "GM"]
[BlackTitle "GM"]
[WhiteElo "2540"]
[BlackElo "2468"]
[WhiteFideId "34189030"]
[BlackFideId "960047"]
[EventDate "2024.06.02"]

1. e4 c5 2. Nf3 d6 3. d4 cxd4 4. Nxd4 Nf6 5. Nc3 Nc6 6. Bg5 e6 7. Qd2 Be7 8.
O-O-O a6 9. f4 Bd7 10. Kb1 Nxd4 11. Qxd4 Bc6 12. f5 exf5 13. e5 Nd7 14. e6 fxe6
15. Qxg7 Bxg5 16. Qxh8+ Nf8 17. Qd4 d5 18. Be2 Bf6 19. Bh5+ Kd7 20. Qe3 Kc7 21.
Ne2 Qd6 22. Rhf1 Rd8 23. Nd4 Bxd4 24. Qxd4 e5 25. Qh4 f4 26. g3 Ne6 27. Bg4 Nc5
28. gxf4 e4 29. Qxh7+ Kb6 30. Qg7 Bb5 31. Rfe1 Qxf4 32. Be2 Bxe2 33. Rxe2 d4 34.
Qg3 Qf6 35. Rf2 Qc6 36. Rf5 Ka7 37. h4 e3 38. Qe5 Ne4 39. Rf7 e2 40. Re1 d3 41.
cxd3 Rxd3 42. Qh5 Rd2 43. Ka1 Qb6 0-1

[Event "61st World Juniors 2024"]
[Site "Gandhinagar IND"]
[Date "2024.06.12"]
[Round "10.5"]
[White "Stribuk, Artiom"]
[Black "Pranav, Anand"]
[Result "1/2-1/2"]
[WhiteTitle "IM"]
[BlackTitle "GM"]
[WhiteElo "2422"]
[BlackElo "2540"]
[WhiteFideId "13515659"]
[BlackFideId "46626786"]
[EventDate "2024.06.02"]

1. c4 e6 2. g3 d5 3. Bg2 d4 4. Nf3 c5 5. O-O Ne7 6. e3 Nec6 7. exd4 cxd4 8. d3
Be7 9. Na3 O-O 10. Re1 a5 11. Nb5 Na6 12. Ne5 Nxe5 13. Rxe5 Nc5 14. b3 f6 15.
Re1 Ra6 16. Ba3 Kh8 17. f4 f5 18. Qd2 b6 19. Bb2 Bf6 20. Rad1 Qd7 21. Qf2 Rd8
22. h3 Bb7 23. Bxb7 Nxb7 24. g4 g6 25. gxf5 gxf5 26. Kh2 Raa8 27. Rg1 Nc5 28.
Rg3 e5 29. fxe5 Bxe5 30. Re1 Nxd3 31. Rxe5 Nxf2 32. Rd5 Ng4+ 33. hxg4 Qe7 34.
Nxd4 Qh4+ 35. Kg2 Rxd5 36. cxd5 Kg8 37. Nf3 Qe7 38. gxf5+ Kf8 39. Ne5 Rc8 40. f6
Qd6 41. Rg7 Rd8 42. Rxh7 Qxf6 43. Rh8+ Qxh8 44. Ng6+ Kg8 45. Bxh8 Kh7 46. Bd4
Kxg6 47. Bxb6 Rxd5 48. Kf3 Kf5 49. Ke3 Ke6 50. a4 Kd6 51. Bd4 Kc6 52. Kd3 Rh5
53. Bc3 Kb6 54. Bd4+ Ka6 55. Bc3 Rh3+ 1/2-1/2

[Event "61st World Juniors 2024"]
[Site "Gandhinagar IND"]
[Date "2024.06.12"]
[Round "10.6"]
[White "Ozenir, Ekin Baris"]
[Black "Siddharth, Jagadeesh"]
[Result "1-0"]
[WhiteTitle "IM"]
[BlackTitle "IM"]
[WhiteElo "2390"]
[BlackElo "2525"]
[WhiteFideId "6357415"]
[BlackFideId "5818320"]
[EventDate "2024.06.02"]

1. Nf3 c5 2. c4 Nf6 3. Nc3 Nc6 4. g3 g6 5. Bg2 d6 6. d4 cxd4 7. Nxd4 Bd7 8. O-O
Bg7 9. Nc2 Qc8 10. Nd5 Ne5 11. Nce3 Nxd5 12. Nxd5 Nxc4 13. Bg5 f6 14. Bf4 g5 15.
Rc1 gxf4 16. b3 fxg3 17. hxg3 Bc6 18. Rxc4 Qd7 19. Nf4 Bh6 20. e3 Bxf4 21. Qh5+
Kd8 22. Bxc6 bxc6 23. exf4 a5 24. a3 f5 25. Rfc1 Ra6 26. b4 axb4 27. Rxb4 Kc7
28. Rcb1 Ra7 29. a4 Qe6 30. a5 d5 31. Qd1 Rha8 32. Qb3 Qc8 33. Qe3 Kd7 34. Rb6
Ke8 35. Qe5 Kf7 36. Rb8 Qe6 37. Qh8 Rxb8 38. Qxh7+ Ke8 39. Qh8+ Kf7 40. Rxb8
Qe1+ 41. Kg2 Qe4+ 42. Kh2 Ke6 43. Rd8 1-0

[Event "61st World Juniors 2024"]
[Site "Gandhinagar IND"]
[Date "2024.06.12"]
[Round "10.8"]
[White "Davtyan, Arsen"]
[Black "Srihari, L R"]
[Result "1/2-1/2"]
[WhiteTitle "IM"]
[BlackTitle "IM"]
[WhiteElo "2415"]
[BlackElo "2495"]
[WhiteFideId "13309315"]
[BlackFideId "46617116"]
[EventDate "2024.06.02"]

1. d4 Nf6 2. c4 e6 3. Nf3 Bb4+ 4. Bd2 Qe7 5. g3 Bxd2+ 6. Qxd2 Nc6 7. Nc3 d5 8.
Bg2 dxc4 9. O-O O-O 10. Ne5 Nxe5 11. dxe5 Nd7 12. Qd4 Qc5 13. Qxc5 Nxc5 14. Rac1
Rb8 15. Nb5 Bd7 16. Rxc4 Bxb5 17. Rxc5 c6 18. Rc2 Rfd8 19. Ra1 Rd7 20. a4 Ba6
21. b4 Rbd8 22. b5 cxb5 23. axb5 Bxb5 24. Rxa7 Rd1+ 25. Bf1 Ba6 26. f4 g5 27.
fxg5 R1d5 28. Kf2 Rxe5 29. Bg2 Rxg5 30. Bxb7 Bxb7 31. Rxb7 Rf5+ 32. Kg2 Rd1 33.
Rb3 Kg7 34. Rf3 Kg6 35. Rc4 h5 36. Rc7 f6 37. Rxf5 Kxf5 38. Rh7 Rd2 39. Kf3 Kg6
40. Re7 e5 41. Re8 Ra2 42. Kf2 Ra3 43. Rg8+ Kf5 44. Rh8 Kg6 45. Rg8+ Kh7 46. Rb8
h4 47. Rb4 hxg3+ 48. hxg3 Kg6 49. Rb8 Kg5 50. Rg8+ Kf5 51. Re8 Ke4 52. Rh8 Ra7
53. Rb8 Rh7 54. Rb4+ Kf5 55. Ra4 Kg5 56. Kf3 Rh1 57. Ra5 Rf1+ 58. Kg2 Rb1 59.
Ra8 Kf5 60. Kf2 Rh1 61. Kg2 Rh7 62. Ra4 Rh8 63. Rb4 Ra8 64. Kf2 Ra6 65. Kf3 Ra3+
66. Kf2 Kg5 67. Rb8 Kg4 1/2-1/2

[Event "61st World Juniors 2024"]
[Site "Gandhinagar IND"]
[Date "2024.06.12"]
[Round "10.9"]
[White "Bodrogi, Bendeguz"]
[Black "Koelle, Tobias"]
[Result "0-1"]
[WhiteTitle "FM"]
[BlackTitle "IM"]
[WhiteElo "2353"]
[BlackElo "2470"]
[WhiteFideId "790303"]
[BlackFideId "16207378"]
[EventDate "2024.06.02"]

1. Nf3 d5 2. g3 b6 3. c4 dxc4 4. Na3 Bb7 5. Bg2 Nd7 6. Nxc4 e6 7. O-O Be7 8. a3
a5 9. Qa4 Nf6 10. Nce5 O-O 11. Nc6 Qe8 12. Nxe7+ Qxe7 13. d4 h6 14. Bd2 c5 15.
Rfc1 Rfc8 16. e3 Qd6 17. Qd1 Bd5 18. a4 Qb8 19. Ra3 Qb7 20. dxc5 Nxc5 21. Ne1
Bxg2 22. Nxg2 Nfe4 23. Qe2 Rd8 24. Bc3 Ng5 25. h4 Nf3+ 26. Kf1 Qe4 27. Bd4 Nxd4
28. exd4 Qxd4 29. Rc4 Qd5 30. Rac3 Rd6 31. Qf3 Qxf3 32. Rxf3 Rd2 33. b4 axb4 34.
Rxb4 Rxa4 35. Rxb6 Ra1+ 36. Ne1 Nd3 37. Rxd3 Rxd3 38. Ke2 Rd8 39. Rb2 Rda8 40.
Rd2 R1a2 0-1

[Event "61st World Juniors 2024"]
[Site "Gandhinagar IND"]
[Date "2024.06.12"]
[Round "10.10"]
[White "Samant, Aditya S"]
[Black "Vaz, Ethan"]
[Result "1-0"]
[WhiteTitle "GM"]
[BlackTitle "IM"]
[WhiteElo "2469"]
[BlackElo "2420"]
[WhiteFideId "35080580"]
[BlackFideId "25940783"]
[EventDate "2024.06.02"]

1. e4 c5 2. Nf3 Nc6 3. Bb5 e6 4. Bxc6 bxc6 5. b3 d6 6. e5 dxe5 7. Nxe5 Qg5 8.
Ng4 Nf6 9. Ne3 Nd5 10. O-O Bd6 11. Nc3 O-O 12. Bb2 Rd8 13. Qf3 Qh6 14. h3 Ba6
15. Rfe1 f5 16. d3 Rac8 17. Ncxd5 cxd5 18. Nxf5 exf5 19. Qxd5+ Kf8 20. Qxf5+ Kg8
21. Re6 Qh4 22. Re4 Qh6 23. Re6 Qh4 24. g3 Bxg3 25. Re4 Bxf2+ 26. Qxf2 Qxf2+ 27.
Kxf2 Rf8+ 28. Kg1 Rc6 29. Rf1 Rg6+ 30. Rg4 Rxg4+ 31. hxg4 Re8 32. Ba3 Re5 33.
Rf5 Rxf5 34. gxf5 c4 35. bxc4 Bc8 36. f6 gxf6 37. Kf2 Kf7 38. Ke3 h5 39. Bd6 Ke6
40. Bb8 a5 41. d4 Ba6 42. d5+ Kd7 43. Kd4 Kc8 44. Bh2 Kb7 45. a4 h4 46. c5 Be2
47. c4 Bf3 48. c6+ Kb6 49. c5+ Ka6 50. c7 Bg4 51. c6 Kb6 52. Bg1 Bc8 53. Kc4+
Kxc7 54. Kc5 f5 55. Bh2+ Kd8 56. Kb6 h3 57. Bf4 h2 58. Bxh2 f4 59. Bxf4 Bf5 60.
d6 Kc8 61. Kxa5 Be4 62. d7+ Kd8 63. Kb6 Bxc6 64. Kxc6 1-0

[Event "61st World Juniors 2024"]
[Site "Gandhinagar IND"]
[Date "2024.06.12"]
[Round "10.11"]
[White "Ilamparthi, A R"]
[Black "Anuj, Shrivatri"]
[Result "0-1"]
[WhiteTitle "IM"]
[BlackTitle "IM"]
[WhiteElo "2446"]
[BlackElo "2390"]
[WhiteFideId "45015775"]
[BlackFideId "35070924"]
[EventDate "2024.06.02"]

1. e4 c5 2. Nf3 d6 3. d4 cxd4 4. Nxd4 Nf6 5. Nc3 a6 6. f4 e5 7. Nf3 Nbd7 8. a4
Qc7 9. g4 Nxg4 10. Nd5 Qd8 11. Rg1 Nb6 12. f5 Nxd5 13. Qxd5 Nf6 14. Qb3 d5 15.
Be3 Qa5+ 16. Bd2 Qc7 17. O-O-O dxe4 18. Ng5 Bc5 19. Bc4 Rf8 20. Bc3 Bxg1 21.
Bxf7+ Rxf7 22. Bxe5 Be3+ 23. Qxe3 Ng4 24. Qxe4 Nxe5 25. Nxf7 Kxf7 26. Qd5+ Kf8
27. Re1 Bxf5 0-1

[Event "61st World Juniors 2024"]
[Site "Gandhinagar IND"]
[Date "2024.06.12"]
[Round "10.12"]
[White "Pham Tran Gia Phuc"]
[Black "Manish Anto, Cristiano F"]
[Result "1/2-1/2"]
[WhiteTitle "FM"]
[BlackTitle "IM"]
[WhiteElo "2444"]
[BlackElo "2307"]
[WhiteFideId "12415669"]
[BlackFideId "25095927"]
[EventDate "2024.06.02"]

1. e4 e5 2. Nf3 Nc6 3. Bc4 Bc5 4. c3 Nf6 5. d3 O-O 6. O-O d6 7. h3 a6 8. a4 h6
9. Re1 Be6 10. Bxe6 fxe6 11. Nbd2 Nh5 12. Nf1 Qf6 13. b4 Bb6 14. Be3 Bxe3 15.
fxe3 Ne7 16. N1h2 Qf7 17. Qb3 Ng6 18. b5 axb5 19. axb5 Nh4 20. Rxa8 Nxf3+ 21.
Nxf3 Rxa8 22. Kh2 Kh8 23. Rf1 Nf6 24. Nd2 d5 25. Nf3 Qh5 26. Kg1 dxe4 27. dxe4
Nxe4 28. Qxe6 Ng3 29. Re1 e4 30. Nd4 Rf8 31. Qg4 Qe5 32. Ne6 Rf7 33. Nf4 Qg5 34.
Qc8+ Kh7 35. Qxb7 Rxf4 36. exf4 Qc5+ 37. Kh2 Qf2 38. Rxe4 Nf1+ 39. Kh1 Ng3+ 40.
Kh2 1/2-1/2

[Event "61st World Juniors 2024"]
[Site "Gandhinagar IND"]
[Date "2024.06.12"]
[Round "10.13"]
[White "Kanyamarala, Tarun"]
[Black "Srihari, L"]
[Result "0-1"]
[WhiteTitle "IM"]
[BlackTitle "IM"]
[WhiteElo "2333"]
[BlackElo "2400"]
[WhiteFideId "45004714"]
[BlackFideId "46642056"]
[EventDate "2024.06.02"]

1. d4 Nf6 2. c4 g6 3. Nc3 Bg7 4. e4 d6 5. Bd3 Nc6 6. Nge2 e5 7. d5 Nd4 8. Nxd4
exd4 9. Nb5 O-O 10. O-O Re8 11. Re1 a6 12. Nxd4 Nxd5 13. Nc2 Nb6 14. Rb1 Na4 15.
Nb4 Nc5 16. Bc2 c6 17. a3 a5 18. Na2 Be6 19. b3 b5 20. cxb5 a4 21. Nb4 cxb5 22.
bxa4 Nxa4 23. Bxa4 Rxa4 24. Bf4 Rxa3 25. Bxd6 Ra4 26. Qd2 Bc4 27. Rbd1 Bb3 28.
Rb1 Bc4 29. Rbd1 Qa5 30. e5 h5 31. Qb2 Qa7 32. h3 Kh7 33. Re3 Ra8 34. Ree1 Qa5
35. Rb1 Qb6 36. Red1 Qb7 37. Qd4 Qd7 38. Qe3 Qf5 39. Re1 Bh6 40. Qd4 Bg7 41. Qc5
Rc8 42. Qb6 Re8 43. Qd4 Re6 44. Qc5 Ra8 45. Nd5 Ra2 46. Nc3 Rxd6 47. Nxa2 Rd5
48. Qa7 Bxe5 49. Rbd1 Qf4 50. g3 Qf3 51. Qe3 Qxe3 52. fxe3 Rxd1 0-1

[Event "61st World Juniors 2024"]
[Site "Gandhinagar IND"]
[Date "2024.06.12"]
[Round "10.14"]
[White "Dudin, Gleb"]
[Black "Shahil, Dey"]
[Result "1/2-1/2"]
[WhiteTitle "GM"]
[BlackTitle "IM"]
[WhiteElo "2532"]
[BlackElo "2332"]
[WhiteFideId "34184934"]
[BlackFideId "35062352"]
[EventDate "2024.06.02"]

1. Nf3 d5 2. c4 c6 3. g3 g6 4. Bg2 Bg7 5. d4 Nf6 6. O-O O-O 7. h3 Ne4 8. Nc3 Bf5
9. Qb3 Qd7 10. Kh2 Nxc3 11. bxc3 Be4 12. Bf4 dxc4 13. Qxc4 b5 14. Qb3 Qd5 15.
Qa3 Re8 16. Bxb8 Raxb8 17. Qxa7 c5 18. Rfd1 cxd4 19. cxd4 b4 20. Qa4 Rec8 21.
Rac1 Rc3 22. Rxc3 bxc3 23. Rc1 Bxf3 24. Bxf3 Qxd4 25. Qxd4 Bxd4 26. e3 Be5 27.
Rc2 Rb4 28. Bd5 e6 29. Bb3 Kf8 30. Kg2 Ke7 31. f4 Bg7 32. g4 h6 33. Rc1 g5 34.
Kf3 Rb7 35. Rd1 Rc7 36. Bc2 gxf4 37. exf4 Rb7 38. Rb1 Rd7 39. Rd1 Rb7 40. Rb1
Rd7 41. Rd1 1/2-1/2

[Event "61st World Juniors 2024"]
[Site "Gandhinagar IND"]
[Date "2024.06.12"]
[Round "10.15"]
[White "Avila Pavas, Santiago"]
[Black "Harshad, S"]
[Result "1-0"]
[WhiteTitle "GM"]
[BlackTitle "FM"]
[WhiteElo "2495"]
[BlackElo "2272"]
[WhiteFideId "4437128"]
[BlackFideId "46616551"]
[EventDate "2024.06.02"]

1. e4 e5 2. Nf3 Nc6 3. Bc4 Bc5 4. d3 Nf6 5. Bg5 h6 6. Bh4 Be7 7. Nc3 d6 8. Bxf6
Bxf6 9. Nd5 Na5 10. Qd2 Nxc4 11. dxc4 Bg4 12. Qb4 b6 13. O-O-O O-O 14. Kb1 Bxf3
15. gxf3 Bh4 16. Qd2 Bg5 17. Qe2 c6 18. h4 Bxh4 19. Ne3 g6 20. Ng4 Bg5 21. f4
Bxf4 22. Nxh6+ Kg7 23. Ng4 Qe7 24. Rh3 Rh8 25. Rhd3 Rad8 26. a4 Rh4 27. f3 Rh5
28. a5 Qc7 29. Ra3 Rhh8 30. Nf2 Rh2 31. Qf1 Rb8 32. Nd3 Rh5 33. Nb4 bxa5 34. Na6
Rxb2+ 35. Kxb2 Qb6+ 36. Rb3 Qxa6 37. c5 Qxf1 38. Rxf1 dxc5 39. Rc3 Rh8 40. Rxc5
Rb8+ 41. Kc3 Rc8 42. Rd1 Be3 43. Rxe5 Bb6 44. Rd7 Rf8 45. Re6 Rc8 46. e5 Bc5 47.
Rf6 a4 48. Kc4 Be3 49. Rfxf7+ Kh6 50. f4 Kh5 51. Rd3 Bf2 52. Rf3 Bh4 53. Rxa7
Kg4 54. Rf1 Bg3 55. f5 Bxe5 56. fxg6 Rg8 57. g7 Kg5 58. Ra5 1-0